000 00858nas a2200289 4500
001 BR0001965
003 BR-BrBNA
005 20231205101822.0
007 ta
008 230509b bl.|||p| |||| 00| 00por d
040 _aBR-BrBNA
_bpor
_cBiblioteca Nacional de Agricultura
041 _a(Pt)
072 _aH10
100 1 _aMoraes, L.A.H. de
100 1 _aSouza, E.L. de S.
100 1 _aBecker, R.F.P.
100 1 _aBraun, J.
245 1 _aControle quimico do minador-das-folhas dos citros Phyllocnistis citrella Stainton, 1856
650 _aFruta Citrica
650 _aLepidoptero
650 _aControle Quimico
650 _aOleo Mineral
650 _aBacteria
773 0 _tPesquisa Agropecuaria Gaucha (Brazil)
_xISSN 0104-9070
_g(1999), v. 5(1) p. 19-22
_wBR0001965
909 _a202311
_bLúcia
_c55
_dLúcia Elande
942 _2AGRIS
_n0
_cANA
999 _c164128
_d164128